LIBRARY & INFORMATION CENTRE, KCAET, TAVANUR

ONLINE PUBLIC ACCESS CATALOGUE (OPAC)

Economics of Labour and Industrial Relations (Record no. 14752)

MARC details
000 -LEADER
fixed length control field 00326nam a22001337a 4500
020 ## - INTERNATIONAL STANDARD BOOK NUMBER
ISBN 817288222
082 ## - DEWEY DECIMAL CLASSIFICATION NUMBER
Classification number 331.
Item number BHA/EC
100 ## - MAIN ENTRY--AUTHOR NAME
Personal name Bhagoliwal T.N.
245 ## - TITLE STATEMENT
Title Economics of Labour and Industrial Relations
250 ## - EDITION STATEMENT
Edition statement 1 st
260 ## - PUBLICATION, DISTRIBUTION, ETC. (IMPRINT)
Place of publication Agra
Name of publisher Sahitya Bhawan Publications
Year of publication 2005
300 ## - PHYSICAL DESCRIPTION
Number of Pages 675
942 ## - ADDED ENTRY ELEMENTS (KOHA)
Koha item type Book Bank scheme for SC students
Holdings
Withdrawn status Lost status Damaged status Collection code Home library Current library Shelving location Date acquired Source of acquisition Cost, normal purchase price Full call number Accession Number Koha item type
        KAUAET KAUAET Scheme 30/08/2016 Cosmo Books, Thrissur. 140.00 331. BHA/EC BB 9 Book Bank scheme for SC students
        KAUAET KAUAET Scheme 30/08/2016 Cosmo Books, Thrissur. 140.00 331. BHA/EC BB 10 Book Bank scheme for SC students
free website counter